000
00247nam a2200097Ia 4500
005
20251222114352.0
008
251222s1900||||xx |||||||||||||| ||spa||
082
_a
DVD0070/J13/2001/Ej.2
245
0
_a
Escape al paraĆso:Escape to paradise
942
_c
DVD
999
_c
1271
_d
1271